000 00399nam a2200181Ia 4500
100 _aHamacher/Carl/ Zaky/S
650 _aComputer organization
250 _a5
942 _cBK
366 _f20
654 _acomputer organization
245 _aComputer Organization
260 _bMc Graw Hill
_c2002
082 _a4.65
_bHAM
300 _a805
546 _aENGLISH
_cPAMPHALETS
999 _c24901
_d24901